<?xml version="1.0" encoding="UTF-8"?>
<marc:record xmlns:marc="http://www.loc.gov/MARC21/slim">
   <marc:leader>00000nam a2200000 a 4500</marc:leader>
   <marc:datafield ind1="1" ind2=" " tag="100">
      <marc:subfield code="a">Villoldo, Alberto</marc:subfield>
      <marc:subfield code="4">aut</marc:subfield>
      <marc:subfield code="e">Verfasser/-in</marc:subfield>
   </marc:datafield>
   <marc:datafield ind1="1" ind2=" " tag="100">
      <marc:subfield code="a">Lehner, Jochen</marc:subfield>
      <marc:subfield code="4">trl</marc:subfield>
      <marc:subfield code="e">Übersetzer/-in</marc:subfield>
   </marc:datafield>
   <marc:datafield ind1="1" ind2=" " tag="100">
      <marc:subfield code="a">Villoldo, Alberto</marc:subfield>
   </marc:datafield>
   <marc:datafield ind1=" " ind2=" " tag="653">
      <marc:subfield code="a">Schamanismus</marc:subfield>
   </marc:datafield>
   <marc:datafield ind1=" " ind2=" " tag="653">
      <marc:subfield code="a">Heilung</marc:subfield>
   </marc:datafield>
   <marc:datafield ind1=" " ind2=" " tag="653">
      <marc:subfield code="a">Softcover / Ratgeber/Spiritualität/Altes Wissen</marc:subfield>
   </marc:datafield>
   <marc:datafield ind1=" " ind2=" " tag="653">
      <marc:subfield code="a">alte Kulturen</marc:subfield>
   </marc:datafield>
   <marc:datafield ind1="0" ind2="0" tag="245">
      <marc:subfield code="a">One Spirit Medizin</marc:subfield>
   </marc:datafield>
   <marc:datafield ind1="0" ind2="0" tag="245">
      <marc:subfield code="b">die Praxis schamanischer Heilung</marc:subfield>
   </marc:datafield>
   <marc:datafield ind1="0" ind2="0" tag="245">
      <marc:subfield code="c">Alberto Villoldo ; aus dem Amerikanischen von Jochen Lehner</marc:subfield>
   </marc:datafield>
   <marc:datafield ind1=" " ind2="1" tag="264">
      <marc:subfield code="a">München</marc:subfield>
      <marc:subfield code="b">Arkana</marc:subfield>
      <marc:subfield code="c">2016</marc:subfield>
   </marc:datafield>
   <marc:datafield ind1=" " ind2=" " tag="250">
      <marc:subfield code="a">Deutsche Erstausgabe, 1. Auflage</marc:subfield>
   </marc:datafield>
   <marc:datafield ind1="1" ind2=" " tag="520">
      <marc:subfield code="a">Angaben aus der Verlagsmeldung

One Spirit Medizin : Die Praxis schamanischer Heilung One Spirit Medicine: Ancient Ways To Ultimate Wellness / von Alberto Villoldo

Heilgeheimnisse aus dem Regenwald und moderne Wissenschaft.

Alberto Villoldo ist einer der bekanntesten und meistgelesenen Schamanen unserer Zeit. Als er eine niederschmetternde Diagnose bekommt – fünf verschiedene Arten von Hepatitis, toxische Bakterien im gesamten Körper und Parasiten im Gehirn – ist er dem Tode nah. Zum ersten Mal in seinem Leben steht er vor der Herausforderung, das Wissen, das er seit Jahrzehnten selbst lehrt, radikal an sich selbst anzuwenden. Mit Erfolg! Villoldo hat sich selbst geheilt – mit One Spirit Medizin, einer höchst wirksamen Synthese aus uralten schamanischen Methoden wie Fasten, Meditieren und Visionssuche und aktuellsten Erkenntnissen aus der modernen Wissenschaft. Diese umfassen das Entgiften von Körper und Geist durch Superfoods und Nahrungsergänzungsmittel, das Ausschalten der 'Todesuhr' in unseren Zellen durch Beeinflussung der Mitochondrien, Energiearbeit zur Reparatur von Gehirn und Körper auf Quantenebene und eine revolutionäre Methode, in nur sechs Wochen einen grunderneuerten, vitalen und widerstandsfähigen Körper zu kreieren. Mit One Spirit Medizin gelingt Villoldo der lange überfällige Brückenschlag des Jahrtausende alten schamanischen Erfahrungsschatzes zu mordernsten medizinischen Erkenntnissen. Mit vielen Übungen und Rezepten.
</marc:subfield>
   </marc:datafield>
   <marc:datafield ind1=" " ind2=" " tag="020">
      <marc:subfield code="a">9783442341931</marc:subfield>
      <marc:subfield code="9">9783442341931</marc:subfield>
   </marc:datafield>
   <marc:datafield ind1=" " ind2=" " tag="020">
      <marc:subfield code="a">3442341930</marc:subfield>
      <marc:subfield code="9">3442341930</marc:subfield>
   </marc:datafield>
   <marc:datafield ind1=" " ind2=" " tag="041">
      <marc:subfield code="a">ger</marc:subfield>
   </marc:datafield>
   <marc:datafield ind1=" " ind2=" " tag="300">
      <marc:subfield code="a">283 Seiten</marc:subfield>
   </marc:datafield>
</marc:record>
